Les stations de la ligne 11 du métro parisien - Mort subite - Statistiques

Statistiques générales
  • Ce quiz a été pris 77 fois
  • Le résultat moyen est 12 sur 16
Answers on the Grid
Answers color-coded by a green-red scale on the quiz's grid according to % correct below.
La Dhuys
La Défense
Hôtel de Ville
Palais Royal - Musée du Louvre
Châtelet
Opéra
Rambuteau
Jasmin
Arts et Métiers
Temple
République
Strasbourg - Saint-Denis
Belleville
Ménilmontant
Pyrénées
Pelleport
Place des Fêtes
Place de Clichy
Porte des Lilas
Porte de Saint-Ouen
Mairie des Lilas
Mairie d'Issy
Montreuil - Hôpital
Hôpital Bicêtre
Romainville - Carnot
Gallieni
Télégraphe
Tolbiac
Jourdain
Aéroport d'Orly
Serge Gainsbourg
Jacques Bonsergent
 
Statistiques - réponses
Réponse % Correct
Mairie des Lilas
84%
Pyrénées
84%
Rambuteau
82%
Châtelet
81%
Arts et Métiers
79%
Porte des Lilas
79%
Belleville
77%
Télégraphe
77%
Hôtel de Ville
75%
Place des Fêtes
74%
République
72%
Serge Gainsbourg
72%
Montreuil - Hôpital
70%
Jourdain
68%
La Dhuys
67%
Romainville - Carnot
67%
Aucun quiz correspondant
Distribution des résultats
% des personnes avec chaque résultat
Percentile par nombre de réponses
Votre historique - résultats
Vous n’avez pas pris ce quiz